| 000 | 00854aam a2200301 4500 | ||
|---|---|---|---|
| 005 | 20250813161853.0 | ||
| 008 | 150507b2007 xxu||||| |||| 00| 0 spa d | ||
| 020 | _a9789876120821 | ||
| 041 | _aESP | ||
| 082 | _a658.409.2 M465a | ||
| 100 | _aMaxwell, John C | ||
| 245 | _aEl abc de la capacitación: formar equipos para el éxito | ||
| 260 | _aArgentina | ||
| 260 | _bV&R Editoras | ||
| 260 | _c2007 | ||
| 300 | _a119 páginas | ||
| 490 | _aDirección y Administración de empresas | ||
| 650 | _aLIDERAZGO EJECUTIVO | ||
| 650 | _aCAPACITACIÓN PARA EL ÉXITO | ||
| 650 | _aPERSONAS IDONEAS | ||
| 650 | _aLÍDER | ||
| 650 | _aCAPACITACIÓN DE PERSONAS | ||
| 650 | _aÉXITO | ||
| 650 | _aCÓMO RECONOCER UN LÍDER EN POTENCIA | ||
| 650 | _aCÓMO RECONOCER AQUIEN CAPACITAR | ||
| 650 | _aCAPACITAR A UN LÍDER | ||
| 942 |
_cBK _2ddc |
||
| 999 |
_c5210 _d5210 |
||